Paris-Brest /

সংরক্ষণ করুন:
গ্রন্থ-পঞ্জীর বিবরন
প্রধান লেখক: Viel, Tanguy (লেখক)
অন্যান্য লেখক: Fedriga, Riccardo
বিন্যাস: গ্রন্থ
ভাষা:ইতালিয়
প্রকাশিত: Vicenza : Pozza, 2010
মালা:I narratori delle tavole
ট্যাগগুলো: ট্যাগ যুক্ত করুন
কোনো ট্যাগ নেই, প্রথমজন হিসাবে ট্যাগ করুন!

MARC

LEADER 00000nam a2200000 i 4500
001 IT\ICCU\UBO\3776745
003 ItRI
005 20260115232109.0
008 100315s2010 it |||||| ||||| |||||c
015 |2 IT  |a 2010-9074 
020 |a 9788854503915 
040 |b ita  |c importazione bologna sebina 
041 7 |a ita  |2 ISO-639-2 
082 |a 843.92  |9 NARRATIVA FRANCESE, 2000-  |2 22 
100 1 |a Viel, Tanguy  |0 IT\ICCU\RAVV\298278  |4 aut 
240 1 0 |a Paris-Brest.  |3 IT\ICCU\LO1\1294902  |9 Viel, Tanguy 
245 1 0 |a Paris-Brest /  |c Tanguy Viel ; traduzione di Riccardo Fedriga. 
260 |a Vicenza :  |b  Pozza,  |c 2010 
300 |a 158 p. ;  |c 22 cm. 
700 1 |a Fedriga, Riccardo  |0 IT\ICCU\MILV\106077 
830 2 |a I narratori delle tavole  |0 IT\ICCU\LO1\0523112 
942 |2 ddc  |c BK  |n 0 
952 |0 0  |1 0  |4 0  |6 DOC_843_914000000000000_VIE  |7 0  |9 20015  |a BO  |b BO  |d 2026-01-15  |i 13855  |l 0  |o DOC 843.914 VIE  |p BO13855  |r 2026-01-15 23:21:10  |w 2026-01-15  |x [Sebina 5] [1 v.]  |y BK  |z 1 v. 
999 |c 17062  |d 17062